| 000 -LEADER |
| fixed length control field |
01660cam a2200373 i 4500 |
| 001 - CONTROL NUMBER |
| control field |
20201982 |
| 005 - DATE AND TIME OF LATEST TRANSACTION |
| control field |
20250324130326.0 |
| 008 - FIXED-LENGTH DATA ELEMENTS--GENERAL INFORMATION |
| fixed length control field |
171213s2018 ne a b 001 0 eng |
| 010 ## - LIBRARY OF CONGRESS CONTROL NUMBER |
| LC control number |
2017059717 |
| 020 ## - INTERNATIONAL STANDARD BOOK NUMBER |
| International Standard Book Number |
9781138068582 (hardcover : alk. paper) |
| 020 ## - INTERNATIONAL STANDARD BOOK NUMBER |
| Canceled/invalid ISBN |
9781315157771 (eBook) |
| 040 ## - CATALOGING SOURCE |
| Original cataloging agency |
DLC |
| Language of cataloging |
eng |
| Transcribing agency |
DLC |
| Description conventions |
rda |
| Modifying agency |
DLC |
| 042 ## - AUTHENTICATION CODE |
| Authentication code |
pcc |
| 050 00 - LIBRARY OF CONGRESS CALL NUMBER |
| Classification number |
TC175 |
| Item number |
.P73 2018 |
| 082 00 - DEWEY DECIMAL CLASSIFICATION NUMBER |
| Classification number |
627.042 KNI |
| Edition number |
23 |
| 100 1# - MAIN ENTRY--PERSONAL NAME |
| Personal name |
Knight, Donald W., |
| Relator term |
author. |
| 9 (RLIN) |
24687 |
| 245 10 - TITLE STATEMENT |
| Title |
Practical channel hydraulics : |
| Remainder of title |
roughness, conveyance and afflux / |
| Statement of responsibility, etc. |
Donald W. Knight |
| 250 ## - EDITION STATEMENT |
| Edition statement |
2nd edition. |
| 264 #1 - PRODUCTION, PUBLICATION, DISTRIBUTION, MANUFACTURE, AND COPYRIGHT NOTICE |
| Place of production, publication, distribution, manufacture |
Leiden, The Netherlands : |
| Name of producer, publisher, distributor, manufacturer |
CRC Press/Taylor & Francis Group, |
| Date of production, publication, distribution, manufacture, or copyright notice |
[2018] |
| 300 ## - PHYSICAL DESCRIPTION |
| Extent |
xxviii, 605 pages : |
| Other physical details |
illustrations (some color) ; |
| Dimensions |
26 cm |
| 336 ## - CONTENT TYPE |
| Content type term |
text |
| Content type code |
txt |
| Source |
rdacontent |
| 337 ## - MEDIA TYPE |
| Media type term |
unmediated |
| Media type code |
n |
| Source |
rdamedia |
| 338 ## - CARRIER TYPE |
| Carrier type term |
volume |
| Carrier type code |
nc |
| Source |
rdacarrier |
| 504 ## - BIBLIOGRAPHY, ETC. NOTE |
| Bibliography, etc. note |
Includes bibliographical references and indexes. |
| 650 #0 - SUBJECT ADDED ENTRY--TOPICAL TERM |
| Topical term or geographic name entry element |
Channels (Hydraulic engineering) |
| 700 1# - ADDED ENTRY--PERSONAL NAME |
| Personal name |
Hazlewood, Caroline, |
| Relator term |
author. |
| 9 (RLIN) |
111864 |
| 700 1# - ADDED ENTRY--PERSONAL NAME |
| Personal name |
Lamb, Rob, |
| Relator term |
author. |
| 9 (RLIN) |
111865 |
| 700 1# - ADDED ENTRY--PERSONAL NAME |
| Personal name |
Samuels, Paul G., |
| Relator term |
author. |
| 9 (RLIN) |
111866 |
| 700 1# - ADDED ENTRY--PERSONAL NAME |
| Personal name |
Shiono, Koji, |
| Relator term |
author. |
| 9 (RLIN) |
111867 |
| 776 08 - ADDITIONAL PHYSICAL FORM ENTRY |
| Relationship information |
Online version: |
| Main entry heading |
Knight, Donald W., author. |
| Title |
Practical channel hydraulics |
| Edition |
2nd edition. |
| Place, publisher, and date of publication |
Leiden, The Netherlands : CRC Press/Balkema, [2018] |
| International Standard Book Number |
9781315157771 |
| Record control number |
(DLC) 2017059978 |
| 906 ## - LOCAL DATA ELEMENT F, LDF (RLIN) |
| a |
7 |
| b |
cbc |
| c |
orignew |
| d |
1 |
| e |
ecip |
| f |
20 |
| g |
y-gencatlg |
| 942 ## - ADDED ENTRY ELEMENTS (KOHA) |
| Source of classification or shelving scheme |
|
| Koha item type |
Book |